[Event "Hessenliga 1516"]
[Site "Germany"]
[Date "2016.03.06"]
[Round "8.1"]
[White "Krenz, Valeriy"]
[Black "Nothnagel, Holger"]
[Result "1-0"]
[WhiteElo "2252"]
[BlackElo "2314"]
[PlyCount "93"]
[EventDate "2015.09.27"]
[EventType "team-tourn"]
[EventRounds "9"]
[EventCountry "GER"]
[SourceTitle "EXT 2018"]
[Source "ChessBase"]
[SourceDate "2017.10.13"]
[SourceVersion "1"]
[SourceVersionDate "2017.10.13"]
[SourceQuality "1"]
[WhiteTeam "Dotzheim"]
[BlackTeam "Griesheim II"]
[WhiteTeamCountry "GER"]
[BlackTeamCountry "GER"]

1. d4 Nf6 2. Bg5 Ne4 3. Bh4 c5 4. f3 g5 5. fxe4 gxh4 6. e3 Bh6 7. Nd2 Bxe3 8. d5 d6 9. Ngf3 h3 10. Qe2 hxg2 11. Bxg2 Bh6 12. e5 Bg4 13. Qe4 Bxf3 14. Nxf3 Qb6 15. 0-0 Nd7 16. e6 fxe6 17. dxe6 Nf6 18. Qa4+ Qc6 19. Qh4 Be3+ 20. Kh1 Qe4 21. Rae1 Qxh4 22. Nxh4 Bd4 23. Bxb7 Rb8 24. Bc6+ Kd8 25. c3 Be5 26. Re2 Kc7 27. Bg2 Rhg8 28. Nf5 Rbe8 29. Nh6 Rg6 30. Nf7 Reg8 31. Nxe5 dxe5 32. Bh3 Nh5 33. Rxe5 Nf4 34. Bf5 Rg2 35. Rxc5+ Kb6 36. Rc6+ Kxc6 37. Be4+ Kd6 38. Bxg2 Rxg2 39. Rxf4 Rxb2 40. Ra4 Kxe6 41. Rxa7 Kf6 42. a4 h5 43. a5 e5 44. a6 e4 45. Ra8 Ra2 46. a7 Kg7 47. Kg1 1-0

[Event "Hessenliga 1516"]
[Site "Germany"]
[Date "2016.02.14"]
[Round "7.1"]
[White "Krenz, Valeriy"]
[Black "Schoenau, Werner"]
[Result "1-0"]
[WhiteElo "2252"]
[BlackElo "2216"]
[PlyCount "69"]
[EventDate "2015.09.27"]
[EventType "team-tourn"]
[EventRounds "9"]
[EventCountry "GER"]
[SourceTitle "EXT 2018"]
[Source "ChessBase"]
[SourceDate "2017.10.13"]
[SourceVersion "1"]
[SourceVersionDate "2017.10.13"]
[SourceQuality "1"]
[WhiteTeam "Dotzheim"]
[BlackTeam "Dettingen"]
[WhiteTeamCountry "GER"]
[BlackTeamCountry "GER"]

1. d4 Nf6 2. Bg5 Ne4 3. Bh4 c5 4. f3 g5 5. fxe4 gxh4 6. e3 Bh6 7. Nd2 Bxe3 8. d5 d6 9. Ngf3 Bg4 10. Qe2 Bh6 11. Qf2 h3 12. Qh4 hxg2 13. Bxg2 Bxf3 14. Bxf3 Bxd2+ 15. Kxd2 Nd7 16. Bg4 Ne5 17. Rhf1 Qb6 18. Kc1 c4 19. a4 h5 20. Bh3 Qe3+ 21. Kb1 Nf3 22. Rxf3 Qxf3 23. Ka2 Qe2 24. e5 Qxc2 25. exd6 Qb3+ 26. Kb1 Qd1+ 27. Ka2 Qb3+ 28. Kb1 exd6 29. Ra3 Qd1+ 30. Ka2 Qxd5 31. Re3+ Kf8 32. Qe7+ Kg8 33. Rg3+ Kh7 34. Rg5 Rae8 35. Qf6 1-0

[Event "Hessenliga 1516"]
[Site "Germany"]
[Date "2016.01.17"]
[Round "5.1"]
[White "Krenz, Valeriy"]
[Black "Fromme, Ernst"]
[Result "1-0"]
[WhiteElo "2252"]
[BlackElo "2142"]
[PlyCount "80"]
[EventDate "2015.09.27"]
[EventType "team-tourn"]
[EventRounds "9"]
[EventCountry "GER"]
[SourceTitle "EXT 2018"]
[Source "ChessBase"]
[SourceDate "2017.10.13"]
[SourceVersion "1"]
[SourceVersionDate "2017.10.13"]
[SourceQuality "1"]
[WhiteTeam "Dotzheim"]
[BlackTeam "Bad Nauheim"]
[WhiteTeamCountry "GER"]
[BlackTeamCountry "GER"]

1. d4 Nf6 2. c4 g6 3. Nc3 Bg7 4. e4 d6 5. f4 0-0 6. Nf3 Nbd7 7. Be2 e5 8. dxe5 dxe5 9. fxe5 Ng4 10. Bg5 f6 11. exf6 Bxf6 12. 0-0 c6 13. Bxf6 Rxf6 14. e5 Qb6+ 15. c5 Qxc5+ 16. Kh1 Rf8 17. e6 Ndf6 18. Qd4 Qe7 19. Bc4 b5 20. Bb3 c5 21. Nd5 Nxd5 22. Qxd5 Bb7 23. Qg5 Qxg5 24. e7+ Qd5 25. Bxd5+ Bxd5 26. exf8Q+ Rxf8 27. a4 Ne3 28. Rf2 b4 29. Kg1 c4 30. Rc1 Rc8 31. Re2 Nf5 32. Rd2 Rc5 33. Kf2 Kg7 34. Nd4 Nd6 35. Ne6+ Bxe6 36. Rxd6 Kf7 37. Ra6 Rc7 38. Ke3 c3 39. bxc3 bxc3 40. h3 Bb3 1-0

[Event "Hessenliga 1516"]
[Site "Germany"]
[Date "2015.11.08"]
[Round "2.1"]
[White "Keller, Peter1"]
[Black "Krenz, Valeriy"]
[Result "1-0"]
[WhiteElo "2319"]
[BlackElo "2252"]
[PlyCount "95"]
[EventDate "2015.09.27"]
[EventType "team-tourn"]
[EventRounds "9"]
[EventCountry "GER"]
[SourceTitle "EXT 2018"]
[Source "ChessBase"]
[SourceDate "2017.10.13"]
[SourceVersion "1"]
[SourceVersionDate "2017.10.13"]
[SourceQuality "1"]
[WhiteTeam "Frankfurt TV"]
[BlackTeam "Dotzheim"]
[WhiteTeamCountry "GER"]
[BlackTeamCountry "GER"]

1. e4 Nf6 2. e5 Nd5 3. d4 d6 4. Nf3 g6 5. Bc4 Nb6 6. Bb3 Bg7 7. Qe2 0-0 8. h3 Nc6 9. 0-0 Na5 10. Nc3 Nxb3 11. axb3 Bf5 12. Bf4 Re8 13. Rfe1 h6 14. Rad1 a5 15. d5 g5 16. Bh2 Bg6 17. h4 g4 18. Nd4 h5 19. e6 f5 20. Qd2 Kh7 21. Bf4 a4 22. Ra1 axb3 23. cxb3 Qc8 24. Be3 c6 25. Rac1 Ra6 26. Nde2 Qb8 27. Nf4 Nxd5 28. Ncxd5 cxd5 29. Nxd5 Rc6 30. Bg5 Bf8 31. b4 Qc8 32. Qe2 f4 33. Rxc6 Qxc6 34. Nxf4 Bf5 35. Nxh5 Rc8 36. Ng3 Qc2 37. Qb5 Bd3 38. Qxb7 Qc6 39. Qa7 Qa6 40. Qd4 Qc4 41. Qe3 Bc2 42. Rc1 Bg7 43. b3 Qc3 44. Qxc3 Rxc3 45. Bxe7 Bxb3 46. Rxc3 Bxc3 47. Bxd6 Bxe6 48. Ne4 1-0

[Event "Hessenliga 1415"]
[Site "Hessen"]
[Date "2015.04.19"]
[Round "9.2"]
[White "Keller, Peter1"]
[Black "Krenz, Valeriy"]
[Result "1-0"]
[WhiteElo "2110"]
[BlackElo "2242"]
[PlyCount "67"]
[EventDate "2014.09.28"]
[EventType "team-tourn"]
[EventRounds "9"]
[EventCountry "GER"]
[SourceTitle "EXT 2016"]
[Source "ChessBase"]
[SourceDate "2015.10.08"]
[SourceVersion "1"]
[SourceVersionDate "2015.10.08"]
[SourceQuality "1"]
[WhiteTeam "Frankfurt TV"]
[BlackTeam "Dotzheim"]
[WhiteTeamCountry "GER"]
[BlackTeamCountry "GER"]

1. e4 Nf6 2. e5 Nd5 3. d4 d6 4. Nf3 g6 5. Bc4 c6 6. 0-0 Bg7 7. exd6 Qxd6 8. c3 0-0 9. Nbd2 Nd7 10. Ne4 Qc7 11. Bg5 h6 12. Bd2 b5 13. Bb3 a5 14. a4 N7b6 15. Nc5 bxa4 16. Bxd5 cxd5 17. Qc1 g5 18. Nxa4 Nxa4 19. Rxa4 Bg4 20. Ne5 Bxe5 21. dxe5 Bd7 22. Rd4 Qxe5 23. f4 Qd6 24. fxg5 h5 25. Qe1 f6 26. Qh4 Be8 27. gxf6 Rxf6 28. Rdf4 Rxf4 29. Bxf4 Qc5+ 30. Kh1 Ra6 31. Be5 Qc4 32. Qf2 Kh7 33. Qf8 Rf6 34. Qxe7+ 1-0

[Event "Hessenliga 1415"]
[Site "Hessen"]
[Date "2015.03.01"]
[Round "7.1"]
[White "Krenz, Valeriy"]
[Black "Zimmermann, Hendrik"]
[Result "0-1"]
[WhiteElo "2242"]
[BlackElo "2122"]
[PlyCount "104"]
[EventDate "2014.09.28"]
[EventType "team-tourn"]
[EventRounds "9"]
[EventCountry "GER"]
[SourceTitle "EXT 2016"]
[Source "ChessBase"]
[SourceDate "2015.10.08"]
[SourceVersion "1"]
[SourceVersionDate "2015.10.08"]
[SourceQuality "1"]
[WhiteTeam "Dotzheim"]
[BlackTeam "Nied"]
[WhiteTeamCountry "GER"]
[BlackTeamCountry "GER"]

1. d4 f5 2. c4 Nf6 3. e3 g6 4. Nc3 Bg7 5. Bd3 d6 6. Nf3 0-0 7. 0-0 Nc6 8. d5 Nb4 9. Nd4 c5 10. Nde2 Ng4 11. Nf4 g5 12. Ne6 Bxe6 13. dxe6 Nxd3 14. Qxd3 Qc8 15. Nd5 Qxe6 16. Nc7 Qe5 17. Qd5+ Kh8 18. Qxe5 Nxe5 19. Nxa8 Rxa8 20. f4 gxf4 21. Rxf4 e6 22. Rb1 Rg8 23. b3 Nd3 24. Rf3 Be5 25. Bd2 Rg4 26. Be1 Nxe1 27. Rxe1 Kg7 28. Kf2 h5 29. h3 Re4 30. Ke2 a6 31. Kd3 b5 32. a3 Bb2 33. Rf2 Bxa3 34. Ra1 b4 35. Rfa2 Kf6 36. Rxa3 bxa3 37. Rxa3 Ke5 38. Rxa6 f4 39. exf4+ Rxf4 40. b4 cxb4 41. Ra5+ d5 42. cxd5 Rd4+ 43. Kc2 Rxd5 44. Ra8 Rb5 45. Kb3 Kf4 46. Rg8 Rg5 47. Rxg5 Kxg5 48. g3 Kf5 49. Kxb4 Ke4 50. Kc5 Kf3 51. g4 hxg4 52. hxg4 Kxg4 0-1

[Event "Hessenliga 1415"]
[Site "Hessen"]
[Date "2014.11.16"]
[Round "3.2"]
[White "Krenz, Valeriy"]
[Black "Schnitzspan, Lothar"]
[Result "1/2-1/2"]
[WhiteElo "2242"]
[BlackElo "2325"]
[PlyCount "65"]
[EventDate "2014.09.28"]
[EventType "team-tourn"]
[EventRounds "9"]
[EventCountry "GER"]
[SourceTitle "EXT 2016"]
[Source "ChessBase"]
[SourceDate "2015.10.08"]
[SourceVersion "1"]
[SourceVersionDate "2015.10.08"]
[SourceQuality "1"]
[WhiteTeam "Dotzheim"]
[BlackTeam "Griesheim II"]
[WhiteTeamCountry "GER"]
[BlackTeamCountry "GER"]

1. d4 Nf6 2. c4 g6 3. Nc3 d5 4. cxd5 Nxd5 5. e4 Nxc3 6. bxc3 Bg7 7. Be3 c5 8. Qd2 Qa5 9. Rc1 0-0 10. Nf3 Rd8 11. d5 e6 12. Bc4 b5 13. Be2 exd5 14. exd5 c4 15. Bh6 Bb7 16. Bxg7 Kxg7 17. d6 Qb6 18. Rd1 Nd7 19. Nd4 Qc5 20. h4 h5 21. Rh3 Nf6 22. Qg5 Qxg5 23. hxg5 Nd5 24. Nxb5 Nf4 25. Bxc4 Nxh3 26. gxh3 Ba6 27. d7 Rab8 28. a4 Rb7 29. Rd6 Rb6 30. Rd4 Kf8 31. h4 Rb7 32. Rd6 Rb6 33. Rd4 1/2-1/2

[Event "Wiesbaden op 26th"]
[Site "Wiesbaden"]
[Date "2014.08.31"]
[Round "7"]
[White "Haag, Martin"]
[Black "Krenz, Valeriy"]
[Result "1-0"]
[WhiteElo "2307"]
[BlackElo "2242"]
[PlyCount "89"]
[EventDate "2014.08.28"]
[EventType "swiss"]
[EventRounds "7"]
[EventCountry "GER"]
[SourceTitle "CBM 162 Extra"]
[Source "ChessBase"]
[SourceDate "2014.10.17"]
[SourceVersion "1"]
[SourceVersionDate "2014.10.17"]
[SourceQuality "1"]

1. c4 c6 2. e4 d5 3. exd5 cxd5 4. d4 Nf6 5. Nc3 Nc6 6. Nf3 Bg4 7. cxd5 Nxd5 8. Qb3 Bxf3 9. gxf3 e6 10. Qxb7 Nxd4 11. Bb5+ Nxb5 12. Qc6+ Ke7 13. Qxb5 Qd7 14. Nxd5+ Qxd5 15. Bg5+ f6 16. Qxd5 exd5 17. Be3 Ke6 18. 0-0-0 Bb4 19. a3 Ba5 20. b4 Bc7 21. Rhe1 g5 22. Bxg5+ Kf7 23. Rxd5 Rhc8 24. Be3 Bxh2+ 25. Kb1 Rc7 26. Rh5 Be5 27. Rxh7+ Kg6 28. Rxc7 Bxc7 29. Rc1 Bd8 30. Rc6 a5 31. Kb2 axb4 32. axb4 Kf5 33. Kb3 Ke5 34. Kc4 Ra2 35. Rc5+ Ke6 36. f4 Be7 37. f5+ Kd7 38. Rb5 Rb2 39. Rb7+ Ke8 40. b5 Rb1 41. b6 Bd6 42. Rh7 Kd8 43. Kd5 Be5 44. Kc6 Rb3 45. Bc5 1-0

[Event "Wiesbaden op 26th"]
[Site "Wiesbaden"]
[Date "2014.08.30"]
[Round "5"]
[White "Feicht, Arno"]
[Black "Krenz, Valeriy"]
[Result "0-1"]
[WhiteElo "2053"]
[BlackElo "2242"]
[PlyCount "122"]
[EventDate "2014.08.28"]
[EventType "swiss"]
[EventRounds "7"]
[EventCountry "GER"]
[SourceTitle "CBM 162 Extra"]
[Source "ChessBase"]
[SourceDate "2014.10.17"]
[SourceVersion "1"]
[SourceVersionDate "2014.10.17"]
[SourceQuality "1"]

1. d4 d5 2. Nc3 c6 3. Qd3 g6 4. Bf4 Nf6 5. f3 b5 6. a3 a5 7. Qd2 Nbd7 8. e4 Nb6 9. e5 Nh5 10. Bh6 Ng7 11. g4 f5 12. h3 Ne6 13. Rd1 Nc4 14. Bxc4 bxc4 15. Nge2 Kd7 16. Na4 c3 17. Nexc3 Ba6 18. Bxf8 Rxf8 19. g5 Ke8 20. f4 Kf7 21. h4 Rg8 22. h5 Rb8 23. b3 Qc7 24. Kf2 Qd7 25. Kg3 h6 26. Nc5 Nxc5 27. dxc5 e6 28. Na4 Qe7 29. Kf3 Bb5 30. hxg6+ Rxg6 31. Rh5 Bxa4 32. bxa4 Qxc5 33. Qd4 Qxd4 34. Rxd4 Rbg8 35. Rd3 hxg5 36. Rh7+ R6g7 37. Rxg7+ Rxg7 38. Rc3 gxf4 39. Rxc6 Rg3+ 40. Kxf4 Rg4+ 41. Kf3 Re4 42. Rc7+ Kg6 43. Ra7 Rxa4 44. Re7 Rxa3+ 45. Ke2 f4 46. Rxe6+ Kf5 47. Re8 Re3+ 48. Kd2 Rxe5 49. Ra8 f3 50. Rxa5 f2 51. Ra8 Kf4 52. Rf8+ Kg3 53. Rg8+ Kh2 54. Rh8+ Kg1 55. Rg8+ Kf1 56. Rg7 Re2+ 57. Kd1 Re3 58. Rg5 Rh3 59. Kd2 Rh2 60. Rxd5 Kg1 61. Rg5+ Rg2 0-1

[Event "Wiesbaden op 26th"]
[Site "Wiesbaden"]
[Date "2014.08.29"]
[Round "3"]
[White "Fucik, Timo"]
[Black "Krenz, Valeriy"]
[Result "0-1"]
[WhiteElo "2057"]
[BlackElo "2242"]
[PlyCount "82"]
[EventDate "2014.08.28"]
[EventType "swiss"]
[EventRounds "7"]
[EventCountry "GER"]
[SourceTitle "CBM 162 Extra"]
[Source "ChessBase"]
[SourceDate "2014.10.17"]
[SourceVersion "1"]
[SourceVersionDate "2014.10.17"]
[SourceQuality "1"]

1. d4 d5 2. c4 dxc4 3. Nf3 c6 4. e4 b5 5. a4 e6 6. Bd2 Bb7 7. b3 cxb3 8. axb5 c5 9. Ba5 Qd6 10. Nbd2 cxd4 11. Qxb3 Nd7 12. Bd3 Ngf6 13. 0-0 Nc5 14. Qb1 Nfd7 15. Re1 Ne5 16. Nxe5 Qxe5 17. Nc4 Qf4 18. Bd2 Qb8 19. e5 Be7 20. Bf4 g5 21. Bg3 h5 22. h3 Kf8 23. Nd6 h4 24. Bh2 g4 25. hxg4 h3 26. Bc4 hxg2 27. Ra3 Rxh2 28. Kxh2 Bxd6 29. exd6 Qxd6+ 30. Kg1 Kg7 31. Rh3 d3 32. Ree3 d2 33. Be2 Rc8 34. Qa1+ f6 35. g5 Ne4 36. gxf6+ Nxf6 37. Rc3 Qe5 38. Rcg3+ Kf7 39. Rg7+ Kxg7 40. Qxe5 Rc1+ 41. Kh2 g1Q# 0-1

[Event "Hessenliga 1314"]
[Site "Germany"]
[Date "2013.11.03"]
[Round "3.1"]
[White "Krenz, Valeriy"]
[Black "Czebe, Attila"]
[Result "1-0"]
[WhiteElo "2263"]
[BlackElo "2467"]
[PlyCount "83"]
[EventDate "2013.09.29"]
[EventType "team-tourn"]
[EventRounds "9"]
[EventCountry "GER"]
[SourceTitle "EXT 2015"]
[Source "ChessBase"]
[SourceDate "2014.11.20"]
[SourceVersion "1"]
[SourceVersionDate "2014.11.20"]
[SourceQuality "1"]
[WhiteTeam "Dotzheim"]
[BlackTeam "Korbach"]
[WhiteTeamCountry "GER"]
[BlackTeamCountry "GER"]

1. d4 d6 2. c4 e5 3. dxe5 dxe5 4. Qxd8+ Kxd8 5. Nc3 Be6 6. b3 c6 7. Bb2 Nd7 8. Nf3 f6 9. 0-0-0 Nh6 10. e3 Kc7 11. Bd3 Be7 12. Bc2 Nf7 13. Rd2 Nb6 14. h4 a5 15. h5 a4 16. Nh4 Nh6 17. f3 Bb4 18. Rdd1 axb3 19. axb3 Nd7 20. Ne4 Rhb8 21. g4 Nf7 22. Nf5 Bxf5 23. gxf5 h6 24. Rhg1 Bf8 25. f4 Re8 26. Kb1 Rad8 27. c5 Nxc5 28. Nxc5 Rxd1+ 29. Bxd1 Bxc5 30. Rxg7 Re7 31. fxe5 Kd8 32. e6 Nd6 33. Bxf6 Nxf5 34. Rg6 Nxe3 35. Bc2 Nd5 36. Bxe7+ Kxe7 37. Rxh6 b5 38. Rg6 Nc3+ 39. Kc1 Be3+ 40. Kb2 Bd4 41. h6 Nd5+ 42. Kb1 1-0

[Event "Hessenliga 1314"]
[Site "Germany"]
[Date "2013.10.20"]
[Round "2.1"]
[White "Lieder, Konrad"]
[Black "Krenz, Valeriy"]
[Result "0-1"]
[WhiteElo "2165"]
[BlackElo "2263"]
[PlyCount "76"]
[EventDate "2013.09.29"]
[EventType "team-tourn"]
[EventRounds "9"]
[EventCountry "GER"]
[SourceTitle "EXT 2015"]
[Source "ChessBase"]
[SourceDate "2014.11.20"]
[SourceVersion "1"]
[SourceVersionDate "2014.11.20"]
[SourceQuality "1"]
[WhiteTeam "Bad Nauheim"]
[BlackTeam "Dotzheim"]
[WhiteTeamCountry "GER"]
[BlackTeamCountry "GER"]

1. d4 d5 2. Nf3 c6 3. Bf4 Qb6 4. Qc1 Bg4 5. Nbd2 Nd7 6. g3 e6 7. Bg2 c5 8. Ne5 Nxe5 9. dxe5 c4 10. h3 Bh5 11. g4 Bg6 12. 0-0 Bc5 13. c3 Rc8 14. e4 Ne7 15. b4 cxb3 16. Rb1 0-0 17. Rxb3 Qc7 18. Qb2 b6 19. Bg3 Rfd8 20. Kh1 h5 21. exd5 exd5 22. Nf3 hxg4 23. hxg4 Qd7 24. Nh4 Qxg4 25. Kh2 Rc6 26. c4 Qxc4 27. Qd2 Be4 28. Bh3 d4 29. Qg5 Qd5 30. Rg1 d3 31. Bf4 Ng6 32. Bf5 Be7 33. Qh5 Bxh4 34. Bxg6 Rxg6 35. Rxg6 Bxg6 36. Qxh4 Rc8 37. Qe7 Qf3 38. Qh4 Be4 0-1

[Event "Wiesbaden op 25th"]
[Site "Wiesbaden"]
[Date "2013.08.25"]
[Round "6"]
[White "Herda, Christoph"]
[Black "Krenz, Valeriy"]
[Result "0-1"]
[WhiteElo "1913"]
[BlackElo "2242"]
[PlyCount "80"]
[EventDate "2013.08.22"]
[EventType "swiss"]
[EventRounds "7"]
[EventCountry "GER"]
[SourceTitle "CBM 156 Extra"]
[Source "ChessBase"]
[SourceDate "2013.10.22"]
[SourceVersion "1"]
[SourceVersionDate "2013.10.22"]
[SourceQuality "1"]

1. Nc3 d5 2. e4 d4 3. Nce2 e5 4. Ng3 Be6 5. c3 a6 6. cxd4 exd4 7. d3 Nc6 8. Be2 Qd7 9. f4 f5 10. e5 Bb4+ 11. Kf2 Nh6 12. h3 Nf7 13. Nh5 0-0 14. Nf3 Be7 15. h4 Nh6 16. Ng5 Ng4+ 17. Kg1 Bd5 18. a3 h6 19. Nf3 Bc5 20. Ng3 Rad8 21. b4 Bb6 22. Bd2 Ne3 23. Qc1 Ne7 24. Nf1 Ng4 25. N1h2 Be6 26. g3 Nd5 27. Nxg4 fxg4 28. Nh2 Nc3 29. Kf2 Nxe2 30. Kxe2 Qd5 31. Rg1 Rc8 32. Qb2 c5 33. bxc5 Bxc5 34. Kf2 Qxe5 35. Qxb7 Rb8 36. Qxa6 Rb2 37. Rgd1 Rxd2+ 38. Kf1 Rxf4+ 39. Kg1 Re4 40. Qa8+ Bf8 0-1

[Event "Wiesbaden op 25th"]
[Site "Wiesbaden"]
[Date "2013.08.24"]
[Round "5"]
[White "Krenz, Valeriy"]
[Black "Carow, Annelen"]
[Result "0-1"]
[WhiteElo "2242"]
[BlackElo "2028"]
[PlyCount "90"]
[EventDate "2013.08.22"]
[EventType "swiss"]
[EventRounds "7"]
[EventCountry "GER"]
[SourceTitle "CBM 156 Extra"]
[Source "ChessBase"]
[SourceDate "2013.10.22"]
[SourceVersion "1"]
[SourceVersionDate "2013.10.22"]
[SourceQuality "1"]

1. d4 Nf6 2. Bg5 e6 3. e3 d6 4. Nf3 Nbd7 5. c4 Be7 6. Nc3 e5 7. Be2 0-0 8. Qc2 c6 9. 0-0 Ne8 10. Bxe7 Qxe7 11. e4 Nef6 12. Rfe1 Re8 13. d5 c5 14. Nh4 g6 15. g3 Rf8 16. Nd1 Ne8 17. Ne3 Ng7 18. Bd3 Qg5 19. Neg2 Qe7 20. f4 exf4 21. gxf4 f6 22. Nf3 Nh5 23. Qe2 Qg7 24. Qd2 g5 25. fxg5 fxg5 26. Nxg5 Ne5 27. Re3 Qxg5 28. Be2 Rf3 29. h4 Qh6 30. Rd3 Qxd2 31. Rxd2 Ng3 32. Ne1 Nxe2+ 33. Rxe2 Rf7 34. b3 Rg7+ 35. Rg2 Bg4 36. Rc1 Rf8 37. Rc3 Rff7 38. Nc2 Nf3+ 39. Kh1 Nxh4 40. Rgg3 Bf3+ 41. Kh2 Bxe4 42. Ne3 Nf3+ 43. Kh3 Ng1+ 44. Kh2 Rxg3 45. Kxg3 Ne2+ 0-1

[Event "Wiesbaden op 25th"]
[Site "Wiesbaden"]
[Date "2013.08.22"]
[Round "1"]
[White "Krenz, Valeriy"]
[Black "Keymer, Vincent"]
[Result "1-0"]
[WhiteElo "2242"]
[BlackElo "1933"]
[PlyCount "119"]
[EventDate "2013.08.22"]
[EventType "swiss"]
[EventRounds "7"]
[EventCountry "GER"]
[SourceTitle "CBM 156 Extra"]
[Source "ChessBase"]
[SourceDate "2013.10.22"]
[SourceVersion "1"]
[SourceVersionDate "2013.10.22"]
[SourceQuality "1"]

1. d4 d5 2. c4 c6 3. Nf3 Nf6 4. Qc2 e6 5. Bg5 Be7 6. e3 0-0 7. Nc3 h6 8. Bxf6 Bxf6 9. h4 Be7 10. g4 Nd7 11. g5 h5 12. g6 f5 13. 0-0-0 Nf6 14. Ne5 Bd7 15. Kb1 a6 16. Ne2 Ng4 17. Nf4 Qe8 18. Nxh5 Nxe5 19. dxe5 Qxg6 20. Be2 Qh6 21. Rdg1 Rf7 22. Nf4 Rff8 23. Rg6 Qh7 24. Rhg1 Kh8 25. h5 Rf7 26. Qc1 b5 27. c5 Re8 28. R1g2 Bf8 29. Qh1 Rc8 30. h6 gxh6 31. Nh5 f4 32. Bd3 f3 33. R2g3 Be8 34. Bc2 Rfc7 35. Nf6 Bxg6 36. Nxh7 Bxc2+ 37. Kxc2 Kxh7 38. Qxf3 Bg7 39. Qh5 Re7 40. f4 Rf8 41. Rg6 Rfe8 42. f5 exf5 43. Qxf5 Kh8 44. e6 Rf8 45. Qh5 Kh7 46. Kd3 Rf6 47. Rxf6 Bxf6 48. Qf5+ Kg7 49. e4 d4 50. e5 Bg5 51. Kxd4 a5 52. Ke4 a4 53. Kd3 Kg8 54. Kc3 Kg7 55. Kb4 Bd2+ 56. Ka3 Bg5 57. Qd3 Rxe6 58. Qd7+ Be7 59. Qxe6 Bxc5+ 60. b4 1-0

[Event "Hessenliga 1213"]
[Site "Germany"]
[Date "2013.05.05"]
[Round "9.1"]
[White "Krenz, Valeriy"]
[Black "Schnitzspan, Lothar"]
[Result "0-1"]
[WhiteElo "2261"]
[BlackElo "2325"]
[PlyCount "44"]
[EventDate "2012.09.16"]
[EventType "team-tourn"]
[EventRounds "9"]
[EventCountry "GER"]
[SourceTitle "EXT 2014"]
[Source "ChessBase"]
[SourceDate "2013.11.20"]
[SourceVersion "1"]
[SourceVersionDate "2013.11.20"]
[SourceQuality "1"]
[WhiteTeam "Dotzheim"]
[BlackTeam "Bad Nauheim"]
[WhiteTeamCountry "GER"]
[BlackTeamCountry "GER"]

1. d4 Nf6 2. c4 g6 3. Nf3 Bg7 4. Qc2 d5 5. cxd5 Bf5 6. Qa4+ c6 7. dxc6 Nxc6 8. Bf4 Qb6 9. Qb3 Nb4 10. Na3 Rc8 11. Ne5 0-0 12. Nec4 Qxd4 13. Bd2 b5 14. Qxb4 bxc4 15. e3 Qd5 16. f3 Bd3 17. e4 Nxe4 18. fxe4 Qxe4+ 19. Kd1 Rb8 20. Bxd3 Qxg2 21. Qxc4 Qxh1+ 22. Bf1 Bxb2 0-1

[Event "Hessenliga 1213"]
[Site "Germany"]
[Date "2013.02.17"]
[Round "6.1"]
[White "Krenz, Valeriy"]
[Black "Glauder, Jan"]
[Result "1-0"]
[WhiteElo "2261"]
[BlackElo "2018"]
[PlyCount "81"]
[EventDate "2012.09.16"]
[EventType "team-tourn"]
[EventRounds "9"]
[EventCountry "GER"]
[SourceTitle "EXT 2014"]
[Source "ChessBase"]
[SourceDate "2013.11.20"]
[SourceVersion "1"]
[SourceVersionDate "2013.11.20"]
[SourceQuality "1"]
[WhiteTeam "Dotzheim"]
[BlackTeam "Eppstein"]
[WhiteTeamCountry "GER"]
[BlackTeamCountry "GER"]

1. d4 Nf6 2. Bg5 d5 3. e3 c5 4. Bxf6 exf6 5. Nc3 Be6 6. Nge2 Nc6 7. g3 cxd4 8. exd4 Bd6 9. Bg2 Ne7 10. 0-0 Qd7 11. Qd2 0-0 12. Nf4 Bxf4 13. Qxf4 Rfc8 14. Qd2 b5 15. Ne2 Rc4 16. Nc1 Rac8 17. c3 b4 18. Nd3 bxc3 19. bxc3 Rxc3 20. Nc5 R3xc5 21. dxc5 Rxc5 22. Rac1 Rb5 23. Qc2 Nf5 24. Rfd1 g6 25. Rd2 Ne7 26. h4 h5 27. Qc7 Rb7 28. Qf4 Kg7 29. Rdc2 Qb5 30. Kh2 a5 31. Rc7 Rxc7 32. Rxc7 Qe8 33. Qd2 a4 34. Qb4 Nf5 35. Bh3 d4 36. Bxf5 gxf5 37. Rb7 Bxa2 38. Rb8 Qxb8 39. Qxb8 d3 40. Qb5 Be6 41. Qxa4 1-0

[Event "Wiesbaden op 24th"]
[Site "Wiesbaden"]
[Date "2012.08.25"]
[Round "5"]
[White "Kalepky, Helmut"]
[Black "Krenz, Valeriy"]
[Result "1/2-1/2"]
[WhiteElo "2084"]
[BlackElo "2261"]
[PlyCount "119"]
[EventDate "2012.08.23"]
[EventType "swiss"]
[EventRounds "7"]
[EventCountry "GER"]
[SourceTitle "CBM 150 Extra"]
[Source "ChessBase"]
[SourceDate "2012.10.19"]
[SourceVersion "1"]
[SourceVersionDate "2012.10.19"]
[SourceQuality "1"]

1. d4 d6 2. c4 e5 3. Nc3 exd4 4. Qxd4 Nf6 5. g3 Nc6 6. Qd2 Be6 7. b3 Qd7 8. Bb2 d5 9. cxd5 Nxd5 10. 0-0-0 0-0-0 11. Nxd5 Qxd5 12. Qxd5 Rxd5 13. Rxd5 Bxd5 14. Bh3+ Kb8 15. f3 f6 16. e4 Bf7 17. Ne2 Bc5 18. Rd1 Rd8 19. Rxd8+ Nxd8 20. Nd4 Bxd4 21. Bxd4 Be6 22. Bg2 Nc6 23. Bc3 Kc8 24. Kd2 Kd7 25. Bf1 Kd6 26. Ke3 a5 27. Bd3 h6 28. Bb2 Nb4 29. Bb1 c5 30. f4 Ke7 31. e5 f5 32. Ba3 g6 33. Bxb4 axb4 34. Bd3 Bd7 35. g4 b5 36. h3 Kf7 37. Kf3 Bc6+ 38. Kg3 Ke6 39. h4 h5 40. gxh5 gxh5 41. Kf2 Bd7 42. Ke3 Bc6 43. Be2 Be8 44. Bf3 Ke7 45. Kd3 Ke6 46. Kc2 Ke7 47. Kb2 Ke6 48. a3 bxa3+ 49. Kxa3 b4+ 50. Kb2 Ke7 51. Bd5 Bb5 52. Kc2 Be8 53. Bg8 Bd7 54. Kd2 Kf8 55. e6 Bc8 56. Bf7 Ke7 57. Bxh5 Bxe6 58. Bd1 Kf6 59. Ke3 Bd5 60. Kd3 1/2-1/2

[Event "Wiesbaden op 24th"]
[Site "Wiesbaden"]
[Date "2012.08.25"]
[Round "4"]
[White "Krenz, Valeriy"]
[Black "Geske, Julian"]
[Result "0-1"]
[WhiteElo "2261"]
[BlackElo "2391"]
[PlyCount "94"]
[EventDate "2012.08.23"]
[EventType "swiss"]
[EventRounds "7"]
[EventCountry "GER"]
[SourceTitle "CBM 150 Extra"]
[Source "ChessBase"]
[SourceDate "2012.10.19"]
[SourceVersion "1"]
[SourceVersionDate "2012.10.19"]
[SourceQuality "1"]

1. d4 Nf6 2. Bg5 e6 3. c4 h6 4. Bh4 g5 5. Bg3 Ne4 6. Qc2 Nxg3 7. hxg3 Bg7 8. e3 b6 9. Be2 Bb7 10. Bf3 Nc6 11. Nc3 Qe7 12. g4 0-0-0 13. Nge2 Rhf8 14. Ng3 Qb4 15. a3 Qe7 16. b4 Kb8 17. c5 Bxd4 18. exd4 Nxd4 19. Qd3 Nxf3+ 20. gxf3 f5 21. cxb6 axb6 22. gxf5 exf5+ 23. Kd2 g4 24. Nxf5 Qg5+ 25. Ne3 Rxf3 26. Ne2 Rxf2 27. Rhf1 Rdf8 28. Rxf2 Rxf2 29. Qxd7 g3 30. Rc1 Qe5 31. Qd8+ Ka7 32. Rxc7 g2 33. Qd7 Qxc7 34. Qxc7 g1Q 35. Nc4 Qg5+ 36. Ke1 Rf6 37. Nd6 Qd5 38. Nc8+ Ka6 39. a4 Qh1+ 40. Kd2 Qd5+ 41. Ke1 Re6 42. b5+ Ka5 43. Qc3+ Kxa4 44. Qa1+ Kb4 45. Qb2+ Qb3 46. Qd4+ Qc4 47. Qb2+ Kc5 0-1